[Event "BL2-Ost 9192"]
[Site "Germany"]
[Date "1992.??.??"]
[Round "?"]
[White "Kaminski, Uwe"]
[Black "Rausch, Stephan"]
[Result "1-0"]
[WhiteElo "2410"]
[BlackElo "2325"]
[PlyCount "119"]
[EventDate "1991.10.??"]
[EventType "team-tourn"]
[EventRounds "9"]
[EventCountry "GER"]
[SourceTitle "GER-chT2"]
[Source "ChessBase"]
[SourceDate "1999.07.01"]
[SourceVersion "1"]
[SourceVersionDate "1999.07.01"]
[SourceQuality "1"]

1. e4 e6 2. d4 d5 3. Nc3 Bb4 4. e5 c5 5. a3 cxd4 6. axb4 dxc3 7. Nf3 Ne7 8. Bd3 Nd7 9. bxc3 Qc7 10. 0-0 Nxe5 11. Nxe5 Qxe5 12. Re1 Qxc3 13. Rb1 Qc7 14. Qh5 Ng6 15. Qxd5 0-0 16. Qh5 f5 17. Bb2 Nf4 18. Qf3 Nxd3 19. Qxd3 Rd8 20. Qb3 Bd7 21. Be5 Qb6 22. Qg3 g6 23. Bc7 Qc6 24. Bxd8 Rxd8 25. Qb3 Kf7 26. Rbd1 Rc8 27. c4 b6 28. c5 bxc5 29. bxc5 Rc7 30. Rd6 Qb5 31. Qe3 Bc8 32. Rxe6 Qxc5 33. Qxc5 Rxc5 34. Re7+ Kf6 35. Rxa7 h6 36. Rh7 Kg5 37. Rhe7 Rc6 38. g3 Rc4 39. Kg2 Rc2 40. R1e2 Rc4 41. h4+ Kh5 42. f3 Rc3 43. R7e3 Rc4 44. Rb2 Rc1 45. Re5 Rc3 46. Rb4 g5 47. hxg5 hxg5 48. Rb6 Rc2+ 49. Kg1 Rc1+ 50. Kf2 Rc2+ 51. Ke1 Rc3 52. Kf2 g4 53. f4 Bd7 54. Re7 Bc6 55. Re3 Rc2+ 56. Re2 Rc3 57. Ke1 Kg6 58. Kd2 Rc5 59. Re6+ Kh5 60. Re5 1-0

[Event "Dresden op 01st"]
[Site "Dresden"]
[Date "1992.??.??"]
[Round "?"]
[White "Kaminski, Uwe"]
[Black "Schramm, Christian"]
[Result "1-0"]
[WhiteElo "2400"]
[BlackElo "2245"]
[PlyCount "63"]
[EventDate "1992.07.??"]
[EventType "swiss"]
[EventRounds "9"]
[EventCountry "GER"]
[SourceTitle "TD"]
[Source "ChessBase"]
[SourceDate "1994.03.01"]
[SourceVersion "1"]
[SourceVersionDate "1994.03.01"]
[SourceQuality "1"]

1. e4 c5 2. Nf3 Nc6 3. Nc3 g6 4. Bb5 Nd4 5. Nxd4 cxd4 6. Ne2 Qa5 7. Bd3 Bg7 8. 0-0 b6 9. b3 Ba6 10. Bxa6 Qxa6 11. d3 d5 12. Bb2 Rd8 13. Nxd4 Qb7 14. Qc1 dxe4 15. Ne6 Bh6 16. Qd1 Rd6 17. Bxh8 Rxe6 18. Bb2 e3 19. fxe3 Bxe3+ 20. Kh1 Nh6 21. Qf3 Qxf3 22. Rxf3 Nf5 23. Re1 h5 24. g3 Kd7 25. Re2 Rc6 26. c3 Bh6 27. d4 e6 28. Kg2 Rd6 29. Kf2 g5 30. Rd3 Kc6 31. Bc1 b5 32. Re5 1-0

[Event "GER CupT"]
[Site "Germany"]
[Date "1992.??.??"]
[Round "?"]
[White "Kaminski, Uwe"]
[Black "Tischbierek, Raj"]
[Result "1/2-1/2"]
[WhiteElo "2410"]
[BlackElo "2485"]
[PlyCount "70"]
[EventDate "1992.??.??"]
[EventType "team-tourn"]
[EventRounds "6"]
[EventCountry "GER"]
[SourceTitle "EXT 1997"]
[Source "ChessBase"]
[SourceDate "1996.11.15"]
[SourceVersion "1"]
[SourceVersionDate "1996.11.15"]
[SourceQuality "1"]

1. e4 d6 2. d4 Nf6 3. Nc3 e5 4. Nf3 Nbd7 5. Bc4 Be7 6. 0-0 0-0 7. Re1 c6 8. a4 a5 9. Ba2 exd4 10. Nxd4 Nc5 11. Bg5 Qb6 12. Qd2 Bd7 13. Nb3 Nxb3 14. Bxb3 Be6 15. Re3 Bxb3 16. cxb3 Rfe8 17. Rd3 Rad8 18. Rd1 Kh8 19. Qc2 Qb4 20. Rh3 Ng4 21. Bxe7 Rxe7 22. Rhd3 Re6 23. Rd4 Qc5 24. h3 Nf6 25. Qd3 h6 26. Kh1 Qe5 27. b4 Rde8 28. bxa5 Qxa5 29. Rxd6 Rxd6 30. Qxd6 Nxe4 31. Nxe4 Rxe4 32. Qf8+ Kh7 33. Qxf7 Re1+ 34. Rxe1 Qxe1+ 35. Kh2 Qe5+ 1/2-1/2

[Event "BL2-Ost 9192"]
[Site "Germany"]
[Date "1992.??.??"]
[Round "?"]
[White "Pezerovic, Edin"]
[Black "Kaminski, Uwe"]
[Result "1/2-1/2"]
[WhiteElo "2335"]
[BlackElo "2410"]
[PlyCount "20"]
[EventDate "1991.10.??"]
[EventType "team-tourn"]
[EventRounds "9"]
[EventCountry "GER"]
[SourceTitle "GER-chT2"]
[Source "ChessBase"]
[SourceDate "1999.07.01"]
[SourceVersion "1"]
[SourceVersionDate "1999.07.01"]
[SourceQuality "1"]

1. Nf3 Nf6 2. d4 g6 3. Bg5 Bg7 4. Nbd2 d5 5. e3 0-0 6. Bd3 c5 7. c3 Qb6 8. Rb1 Nc6 9. 0-0 a5 10. a4 Re8 1/2-1/2

[Event "BL2-Nord 9091"]
[Site "Germany"]
[Date "1991.??.??"]
[Round "?.2"]
[White "Dietz, Juergen"]
[Black "Kaminski, Uwe"]
[Result "0-1"]
[WhiteElo "2350"]
[BlackElo "2415"]
[PlyCount "72"]
[EventDate "1990.10.??"]
[EventType "team-tourn"]
[EventRounds "9"]
[EventCountry "GER"]
[SourceTitle "GER-chT2"]
[Source "ChessBase"]
[SourceDate "1999.07.01"]
[SourceVersion "1"]
[SourceVersionDate "1999.07.01"]
[SourceQuality "1"]
[WhiteTeam "Hamburg Schachfreunde"]
[BlackTeam "Lasker Steglitz"]
[WhiteTeamCountry "GER"]
[BlackTeamCountry "GER"]

1. f4 g6 2. Nf3 Bg7 3. g3 c5 4. Bg2 Nc6 5. 0-0 e6 6. d3 Nge7 7. c3 0-0 8. Be3 b6 9. Bf2 d5 10. Na3 Bb7 11. e4 d4 12. c4 e5 13. Nh4 f5 14. exf5 Nxf5 15. Nxf5 Rxf5 16. fxe5 Bxe5 17. Qe2 Qc7 18. Nb5 Qg7 19. Bd5+ Kh8 20. Qe4 Qf6 21. Qg2 a6 22. g4 Rf4 23. Bg3 g5 24. Rae1 axb5 25. cxb5 Nb4 26. Bxb7 Rf8 27. Bxf4 Bxf4 28. Qh3 Nc2 29. Be4 Rf7 30. Rb1 Ne3 31. Rf3 Qe6 32. Kh1 c4 33. Re1 cxd3 34. Bxd3 Qd5 35. Rc1 Bc7 36. Bf5 Rxf5 0-1

[Event "BL2-Nord 9091"]
[Site "Germany"]
[Date "1991.??.??"]
[Round "?.2"]
[White "Joecks, Christian"]
[Black "Kaminski, Uwe"]
[Result "1/2-1/2"]
[WhiteElo "2355"]
[BlackElo "2415"]
[PlyCount "113"]
[EventDate "1990.10.??"]
[EventType "team-tourn"]
[EventRounds "9"]
[EventCountry "GER"]
[SourceTitle "GER-chT2"]
[Source "ChessBase"]
[SourceDate "1999.07.01"]
[SourceVersion "1"]
[SourceVersionDate "1999.07.01"]
[SourceQuality "1"]
[WhiteTeam "Hamburger SG BUE"]
[BlackTeam "Lasker Steglitz"]
[WhiteTeamCountry "GER"]
[BlackTeamCountry "GER"]

1. e4 c5 2. Nf3 d6 3. d4 cxd4 4. Nxd4 Nf6 5. Nc3 Nc6 6. Bg5 e6 7. Qd2 a6 8. 0-0-0 h6 9. Be3 Bd7 10. f4 Be7 11. Bd3 Ng4 12. Bg1 Nxd4 13. Bxd4 e5 14. Bg1 exf4 15. Nd5 Ne3 16. Nxe3 fxe3 17. Bxe3 Be6 18. Kb1 Bf6 19. Be2 Be5 20. g4 Qd7 21. Bd4 Qc6 22. Qe3 Rc8 23. Rd2 0-0 24. h4 f5 25. gxf5 Bxf5 26. Bd3 Bg4 27. Bxe5 dxe5 28. Be2 Rf4 29. Bxg4 Rxg4 30. Re2 Rf8 31. h5 Rff4 32. Rd1 Rxe4 33. Qb3+ Kh7 34. Rxe4 Qxe4 35. a3 b5 36. Rd8 Rg1+ 37. Ka2 Qc4 38. Qxc4 bxc4 39. Rc8 Rg5 40. Rxc4 Rxh5 41. Rc6 g5 42. c4 g4 43. Rc7+ Kg6 44. c5 Rf5 45. Rc8 Kf7 46. c6 Ke7 47. Rh8 Kd6 48. Rxh6+ Kc7 49. Rg6 Rf4 50. Kb3 a5 51. Kc3 a4 52. Kd3 Rd4+ 53. Ke3 Rc4 54. Kd3 Rd4+ 55. Ke3 Rc4 56. Kd3 Rf4 57. Ke3 1/2-1/2

[Event "BL2-Nord 9091"]
[Site "Germany"]
[Date "1991.??.??"]
[Round "?.2"]
[White "Kaminski, Uwe"]
[Black "Behrens, Harald"]
[Result "1-0"]
[WhiteElo "2415"]
[BlackElo "2305"]
[PlyCount "131"]
[EventDate "1990.10.??"]
[EventType "team-tourn"]
[EventRounds "9"]
[EventCountry "GER"]
[SourceTitle "GER-chT2"]
[Source "ChessBase"]
[SourceDate "1999.07.01"]
[SourceVersion "1"]
[SourceVersionDate "1999.07.01"]
[SourceQuality "1"]
[WhiteTeam "Lasker Steglitz"]
[BlackTeam "Hannover SK"]
[WhiteTeamCountry "GER"]
[BlackTeamCountry "GER"]

1. e4 e6 2. d4 d5 3. Nc3 Bb4 4. e5 Qd7 5. Bd2 Bxc3 6. Bxc3 b6 7. Qg4 f5 8. Qg3 Ba6 9. Bxa6 Nxa6 10. Ne2 Nb8 11. Nf4 Qf7 12. 0-0-0 Ne7 13. h4 c5 14. h5 Nbc6 15. h6 g6 16. Qg5 cxd4 17. Bxd4 Nxd4 18. Rxd4 0-0 19. Re1 Rac8 20. Kb1 Nc6 21. Rd2 Nd8 22. Re3 Qb7 23. Rg3 Nf7 24. Qf6 Nd8 25. Qh4 a5 26. Qh5 Qf7 27. Qg5 b5 28. Re3 a4 29. Rd4 Nc6 30. Rdd3 b4 31. Re2 Nd8 32. Rg3 Rb8 33. Rd3 Rc8 34. Nh3 Rc4 35. Qd2 Qc7 36. Ng5 Qb6 37. Nf3 Re4 38. Ng5 Rh4 39. Rh3 Rc4 40. Rd3 Rh4 41. Re1 Rc4 42. Rxd5 Rxc2 43. Qxc2 exd5 44. Qxa4 Qxf2 45. Rc1 Qh4 46. Qd7 Qxh6 47. e6 Qxg5 48. e7 Nf7 49. exf8Q+ Kxf8 50. Qxd5 Qe3 51. Qc5+ Qxc5 52. Rxc5 Nd6 53. Kc2 h5 54. Kd3 Ke7 55. a4 bxa3 56. bxa3 h4 57. a4 Kd7 58. a5 Nb7 59. Rb5 Kc6 60. Rb6+ Kc7 61. Rxg6 Nxa5 62. Rf6 Nc6 63. Rxf5 Kd6 64. Rh5 Ne5+ 65. Ke4 Ng4 66. Rxh4 1-0

[Event "BL2-Nord 9091"]
[Site "Germany"]
[Date "1991.??.??"]
[Round "?.2"]
[White "Kaminski, Uwe"]
[Black "Bode, Wilfried"]
[Result "1/2-1/2"]
[WhiteElo "2415"]
[BlackElo "2280"]
[PlyCount "30"]
[EventDate "1990.10.??"]
[EventType "team-tourn"]
[EventRounds "9"]
[EventCountry "GER"]
[SourceTitle "GER-chT2"]
[Source "ChessBase"]
[SourceDate "1999.07.01"]
[SourceVersion "1"]
[SourceVersionDate "1999.07.01"]
[SourceQuality "1"]
[WhiteTeam "Lasker Steglitz"]
[BlackTeam "Osnabrueck"]
[WhiteTeamCountry "GER"]
[BlackTeamCountry "GER"]

1. e4 c6 2. d4 d5 3. Nd2 dxe4 4. Nxe4 Bf5 5. Ng3 Bg6 6. Nf3 Nd7 7. h4 h6 8. h5 Bh7 9. Bd3 Bxd3 10. Qxd3 e6 11. Bd2 Ngf6 12. 0-0-0 Be7 13. Ne4 Nxe4 14. Qxe4 Nf6 15. Qe2 Qd5 1/2-1/2

[Event "Berliner Sommer 08th"]
[Site "Berlin"]
[Date "1990.08.??"]
[Round "5"]
[White "Kaminski, Uwe"]
[Black "Junge, Ralph"]
[Result "0-1"]
[WhiteElo "2415"]
[BlackElo "2320"]
[PlyCount "68"]
[EventDate "1990.08.11"]
[EventType "swiss"]
[EventRounds "9"]
[EventCountry "GER"]
[SourceTitle "EXT 2008"]
[Source "ChessBase"]
[SourceDate "2007.11.25"]
[SourceVersion "1"]
[SourceVersionDate "2007.11.25"]
[SourceQuality "1"]

1. e4 e6 2. d4 d5 3. Nc3 Nf6 4. Bg5 Be7 5. e5 Nfd7 6. Bxe7 Qxe7 7. f4 a6 8. Nf3 c5 9. Qd2 Nc6 10. dxc5 Qxc5 11. 0-0-0 b5 12. Kb1 b4 13. Ne2 a5 14. Ned4 Nxd4 15. Nxd4 0-0 16. h4 Nb6 17. h5 f5 18. exf6 gxf6 19. Rh3 Kh8 20. Re3 Nc4 21. Bxc4 dxc4 22. Qe2 Ra6 23. h6 Rd6 24. c3 Rfd8 25. Qg4 Rg8 26. Qh4 e5 27. fxe5 fxe5 28. Rde1 exd4 29. Re8 Qf5+ 30. Ka1 Qg6 31. Qe7 Qxh6 32. Rf1 Bf5 33. g4 Qe6 34. Rxf5 Qxe7 0-1

[Event "Erlangen op 5th"]
[Site "Erlangen"]
[Date "1990.05.??"]
[Round "?"]
[White "Kaminski, Uwe"]
[Black "Jansa, Vlastimil"]
[Result "1/2-1/2"]
[WhiteElo "2415"]
[BlackElo "2455"]
[PlyCount "102"]
[EventDate "1990.05.24"]
[EventType "swiss"]
[EventRounds "7"]
[EventCountry "GER"]
[SourceTitle "EXT 2015"]
[Source "ChessBase"]
[SourceDate "2014.11.20"]
[SourceVersion "1"]
[SourceVersionDate "2014.11.20"]
[SourceQuality "1"]

1. e4 c5 2. Nf3 e6 3. d4 cxd4 4. Nxd4 Nc6 5. Nc3 a6 6. g3 d6 7. Bg2 Qc7 8. 0-0 Nf6 9. Re1 Rb8 10. Nxc6 bxc6 11. Na4 Nd7 12. c4 c5 13. b3 Be7 14. Bb2 0-0 15. f4 Rd8 16. Qd2 Bf6 17. Bc3 Bxc3 18. Nxc3 Bb7 19. Rad1 Nf6 20. Re3 Rd7 21. Rd3 Rbd8 22. Qe2 Bc6 23. g4 g6 24. Bf3 a5 25. g5 Ne8 26. Qf2 Rb8 27. f5 a4 28. fxe6 fxe6 29. Bg4 Ng7 30. bxa4 Rf8 31. Qg3 Rfd8 32. Nb5 Qb8 33. Qe3 Qa8 34. Nxd6 Bxa4 35. R1d2 Bc2 36. Rxc2 Rxd6 37. Rxd6 Rxd6 38. Qxc5 Qd8 39. Rf2 Rd2 40. Rxd2 Qxd2 41. Qe5 Qc1+ 42. Kf2 Qxc4 43. a4 Qc2+ 44. Kg3 Qb3+ 45. Kh4 Qxa4 46. Bxe6+ Nxe6 47. Qxe6+ Kg7 48. Qe5+ Kg8 49. Qd5+ Kg7 50. Kg4 Qc2 51. Qe5+ Kg8 1/2-1/2